| 000 | 01093nam a2200253 i 4500 | ||
|---|---|---|---|
| 001 | 164423 | ||
| 003 | ES-MaACL | ||
| 005 | 20250811063203.0 | ||
| 008 | 931025s1723 sp |||| | spa d | ||
| 100 | 1 |
_aSalazar y Castro, Luis de, _d1658-1734 _9101831 |
|
| 245 | 1 | 0 | _aReparos históricos sobre los doce primeros años del tomo VII de la Historia de España del doct. D. Juan de Ferreras... |
| 260 |
_aEn Alcalá : _ba costa de Juan Antonio Pimentel, mercader de libros, _c1723. |
||
| 300 |
_a[28], 528 p. ; _c4º. |
||
| 530 | _aDisponible en formato digital. | ||
| 594 | _aSegún Aguilar, VII, 2810, el autor es Luis de Salazar y Castro. | ||
| 597 | _aSign.:¶-3¶4, 4¶², A-Z4, Aa-Zz4, Aaa-Vvv4. | ||
| 597 | _aPort. con orla tip. | ||
| 597 | _aGrab. xil. en ¶2. | ||
| 600 | 1 | 4 |
_aFerreras, Juan de- _vCrítica e interpretación. _9127066 |
| 650 | 4 |
_aEspaña- _xHistoria. _9185483 |
|
| 852 |
_aES-MaACL _jR-1841 _z-- Enc. perg. _x-- Olim: G-793 |
||
| 856 |
_uhttp://bdh-rd.bne.es/viewer.vm?id=0000078551&page=1 _zBiblioteca Digital Hispánica |
||
| 999 |
_c164423 _d164423 |
||